Wheel of Time - Green Ajah Aes Sedai - Statistics

General Stats
  • This quiz has been taken 176 times
  • The average score is 30 of 51
Answer Stats
Aes Sedai % Correct
Alanna Mosvani
96%
Myrelle Berengari
92%
Elayne Trakand
88%
Leane Sharif
83%
Cadsuane Melaidhrin
79%
Joline Maza
79%
Vandene Namelle
79%
Adelorna Bastine
75%
Bera Harkin
75%
Asne Zeramene
71%
Talene Minly
71%
Careane Fransi
67%
Faiselle Darone
67%
Kiruna Nachiman
67%
Rina Hafden
67%
Seonid Traighan
67%
Afara
63%
Elza Penfell
63%
Kerene Nagashi
63%
Malind Nachenin
63%
Rubinde Acedone
63%
Aisling Noon
58%
Beldeine Nyram
58%
Erian Boroleos
58%
Merise Haindehl
58%
Bharatine
54%
Farnah Sadaou
54%
Hattori Gatano
54%
Jeaine Caide
54%
Samalin Naeroda
54%
Vasha
54%
Irgain Fatamed
50%
Manda Wan
50%
Mikio Vadere
50%
Nacelle Kayama
50%
Nimri
50%
Coladara
46%
Ester Stepashin
46%
Jala Bandevin
46%
Josaine
46%
Kera Haellin
46%
Lusonia Cole
46%
Mirlene Cornwell
46%
Moradri
46%
Nelavaire Demasiellin
46%
Sanaiye Asaheen
46%
Faeldrin Harella
42%
Maerin
42%
Marthera
42%
Silvane Redfor
42%
Teramina
42%
No matching quizzes found
Score Distribution
Percent of People with Each Score
Percentile by Number Answered
Your Score History
You have not taken this quiz